Welcome to the Holygrace Academy Library

Please use search bar below to get started

CBSE MATHS-10 EXAM POINT (Record no. 8916)

MARC details
000 -LEADER
fixed length control field 00347nam a22001457a 4500
082 ## - DEWEY DECIMAL CLASSIFICATION NUMBER
Classification number 510
Item number SAN/C
100 ## - MAIN ENTRY--AUTHOR NAME
Personal name SANOOP, N P
245 ## - TITLE STATEMENT
Title CBSE MATHS-10 EXAM POINT
246 ## - VARYING FORM OF TITLE
Title proper/short title CBSE MATHS-10 EXAM POINT
Remainder of title CBSE MATHS-10 EXAM POINT
260 ## - PUBLICATION, DISTRIBUTION, ETC. (IMPRINT)
Place of publication INDIA
Name of publisher MAXIMUM PUBLISHERS
Year of publication 2024
300 ## - PHYSICAL DESCRIPTION
Number of Pages 592
520 ## - SUMMARY, ETC.
Summary, etc MATHS
650 ## - SUBJECT ADDED ENTRY--TOPICAL TERM
Topical Term MATHS
942 ## - ADDED ENTRY ELEMENTS (KOHA)
Koha item type Books
Holdings
Withdrawn status Lost status Collection code Home library Current library Shelving location Date acquired Source of acquisition Cost, normal purchase price Full call number Accession Number Koha item type
    Reference Main Library Main Library NEW SHELF WITH NEW ENTRY 01/07/2024 PURCHASED 600.00 510 SAN/C 13684 Books